000 00740nam a2200265 i 4500
001 C2-0259363
003 PPAK
005 20180727225729.0
008 041007s1999 at a|||| ||||| | eng d
020 _a0733906761
040 _aPPAK
_beng
_cPPAK
_erda
082 0 4 _a823
_223
090 0 0 _a823
_bCAR
_dK
100 1 _aCaraher, Meg,
_eauthor
245 1 0 _aScritch! scratch!
264 1 _aSouth Melbourne :
_bAddison Wesley Longman Australia ,
_c1999
300 _a64 pages :
_billustrations ;
_c20 cm
336 _2rdacontent
_atext
337 _2rdamedia
_aunmediated
338 _2rdacarrier
_avolume
490 1 _aSupa doopers series
650 1 0 _aChildren's stories, English
830 0 _aSupa doopers series
942 _ddc
_cB
999 _c70777
_d70777